<?xml version='1.0' encoding='UTF-8'?>
  <record xmlns="http://www.loc.gov/MARC21/slim">
    <leader>00000ctm a2200000 i 4500</leader>
    <controlfield tag="001">ocn965405346</controlfield>
    <controlfield tag="003">OCoLC</controlfield>
    <controlfield tag="005">20251126010155.8</controlfield>
    <controlfield tag="008">130410q14771500ne            000 0 dum d</controlfield>
    <datafield tag="040" ind1=" " ind2=" ">
      <subfield code="a">QGJ</subfield>
      <subfield code="b">dut</subfield>
      <subfield code="c">QGJ</subfield>
      <subfield code="d">QGJ</subfield>
      <subfield code="d">OCLCL</subfield>
      <subfield code="d">OCLCQ</subfield>
    </datafield>
    <datafield tag="035" ind1=" " ind2=" ">
      <subfield code="a">(OCoLC)965405346</subfield>
    </datafield>
    <datafield tag="245" ind1="0" ind2="0">
      <subfield code="a">Kroniek van het St. Nikolaasklooster tot 1477, met enige bijgevoegde stukken.</subfield>
      <subfield code="f">UBU Hs. 1260 (Hs 5 L 9).</subfield>
    </datafield>
    <datafield tag="246" ind1="1" ind2=" ">
      <subfield code="a">Kroniek van het Sint Nikolaasklooster tot 1477</subfield>
    </datafield>
    <datafield tag="246" ind1="1" ind2=" ">
      <subfield code="a">Beginsels der Utregse kloosters en conventen</subfield>
    </datafield>
    <datafield tag="260" ind1=" " ind2=" ">
      <subfield code="a">[Utrecht] :</subfield>
      <subfield code="b">[St. Nikolaasklooster],</subfield>
      <subfield code="c">[1477-1500].</subfield>
    </datafield>
    <datafield tag="300" ind1=" " ind2=" ">
      <subfield code="a">31 fols. :</subfield>
      <subfield code="b">penwerkinitiaal met Utrechts draakje, blauwe en rode lombarden, rubricering ;</subfield>
      <subfield code="c">155 x 110 (108 x 67) mm.</subfield>
    </datafield>
    <datafield tag="336" ind1=" " ind2=" ">
      <subfield code="a">text</subfield>
      <subfield code="b">txt</subfield>
      <subfield code="2">rdacontent</subfield>
    </datafield>
    <datafield tag="337" ind1=" " ind2=" ">
      <subfield code="a">unmediated</subfield>
      <subfield code="b">n</subfield>
      <subfield code="2">rdamedia</subfield>
    </datafield>
    <datafield tag="338" ind1=" " ind2=" ">
      <subfield code="a">volume</subfield>
      <subfield code="b">nc</subfield>
      <subfield code="2">rdacarrier</subfield>
    </datafield>
    <datafield tag="340" ind1=" " ind2=" ">
      <subfield code="a">perkament</subfield>
      <subfield code="k">1 kol., 23 regels, littera cursiva en littera hybrida.</subfield>
    </datafield>
    <datafield tag="500" ind1=" " ind2=" ">
      <subfield code="a">Datering: laatste kwart 15de eeuw.</subfield>
    </datafield>
    <datafield tag="500" ind1=" " ind2=" ">
      <subfield code="a">Op omslag in contemporaine hand: Hier vintmen hoe dat onse convent ierst begonnen is.</subfield>
    </datafield>
    <datafield tag="500" ind1=" " ind2=" ">
      <subfield code="a">Op omslag in latere hand: Beginsels der Utregse kloosters en conventen.</subfield>
    </datafield>
    <datafield tag="530" ind1=" " ind2=" ">
      <subfield code="a">Voor gedrukte editie zie:</subfield>
      <subfield code="b">Kronijk van het S. Nicolaas-klooster te Utrecht / [inl. en transcr.: P. J. Vermeulen]. - In: Tijdschrift voor oudheden, statistiek, zeden en gewoonten, regt, genealogie en andere deelen der geschiedenis van het bisdom, de provincie en de stad Utrecht. - Dl. 4 (1850) ; p. 71-100.</subfield>
    </datafield>
    <datafield tag="500" ind1=" " ind2=" ">
      <subfield code="a">Geschiedenis van Sint-Nicolaasklooster te Utrecht (zusters van het Gemene Leven, sedert 1339 tertiarissen van Sint-Franciscus) van 1337 tot 1477, geschreven door een anonieme kloosterzuster. De geschiedenis loop door tot 1466 (fol. 24r) en gaat op een later tijdstip door tot 1477. Fol. 27v-30r zijn onbeschreven, maar al wel gelineëerd en Romeins gefoliëerd. Fol. 30v-31r zijn beschreven in een andere, jongere hand, maar niet ná 1500.</subfield>
    </datafield>
    <datafield tag="524" ind1=" " ind2=" ">
      <subfield code="a">Te citeren als: Universiteitsbibliotheek Utrecht Hs. 1260 (Hs 5 L 9).</subfield>
    </datafield>
    <datafield tag="563" ind1=" " ind2=" ">
      <subfield code="a">Perkamenten omslag.</subfield>
    </datafield>
    <datafield tag="581" ind1=" " ind2=" ">
      <subfield code="a">P.A. Tiele, Catalogus codicum manu scriptorum Bibliothecae Universitatis Rheno-Trajectinae. I. Trajecti ad Rhenum. Hagae Comitis 1887. p. 301.</subfield>
    </datafield>
    <datafield tag="581" ind1=" " ind2=" ">
      <subfield code="a">M. Carasso-Kok, Repertorium van verhalende historische bronnen uit de middeleeuwen. Heiligenlevens, annalen, kronieken en andere in Nederland geschreven verhalende bronnen. 's-Gravenhage 1981. (= Bibliografische reeks van het Nederlands Historisch Genootschap 2). nr. 195.</subfield>
    </datafield>
    <datafield tag="581" ind1=" " ind2=" ">
      <subfield code="a">Handschriften en oude drukken van de Utrechtse Universiteitsbibliotheek. Catalogus bij de tentoonstelling in het Centraal Museum te Utrecht ter gelegenheid van het 400-jarig bestaan van de bibliotheek der Rijksuniversiteit, 1584-1984. Utrecht 1984. p. 117-118 nr. 45, afb. op p. 116.</subfield>
    </datafield>
    <datafield tag="581" ind1=" " ind2=" ">
      <subfield code="a">Stooker, K. and T. Verbeij, Collecties op orde. Middelnederlandse handschriften uit kloosters en semi-religieuze gemeenschappen in de Nederlanden. Leuven 1997, no. 1215.</subfield>
    </datafield>
    <datafield tag="650" ind1=" " ind2="7">
      <subfield code="a">Geschiedbronnen.</subfield>
      <subfield code="2">gtt</subfield>
    </datafield>
    <datafield tag="655" ind1=" " ind2="7">
      <subfield code="a">Kronieken (vorm)</subfield>
      <subfield code="2">gtt</subfield>
    </datafield>
    <datafield tag="655" ind1=" " ind2="7">
      <subfield code="a">Handschriften (vorm)</subfield>
      <subfield code="0">(NL-LeOCL)088143309.</subfield>
      <subfield code="2">gtt</subfield>
    </datafield>
    <datafield tag="700" ind1="1" ind2=" ">
      <subfield code="a">Le Long, Isaac,</subfield>
      <subfield code="d">1683-1762,</subfield>
      <subfield code="e">former owner,</subfield>
      <subfield code="4">fmo</subfield>
    </datafield>
    <datafield tag="710" ind1="2" ind2=" ">
      <subfield code="a">Klooster van St. Nikolaas (Utrecht),</subfield>
      <subfield code="e">former owner,</subfield>
      <subfield code="4">fmo</subfield>
      <subfield code="5">NL-UtRU</subfield>
    </datafield>
    <datafield tag="710" ind1="2" ind2=" ">
      <subfield code="a">Klooster van St. Nikolaas (Utrecht),</subfield>
      <subfield code="e">scribe,</subfield>
      <subfield code="4">scr</subfield>
      <subfield code="5">NL-UtRU</subfield>
    </datafield>
    <datafield tag="758" ind1=" " ind2=" ">
      <subfield code="a">UBU Hs. 1260 (Hs 5 L 9) Kroniek van het St. Nikolaasklooster tot 1477, met enige bijgevoegde stukken (Text)</subfield>
      <subfield code="1">https://id.oclc.org/worldcat/entity/E39PD3j4jDxMTJ8Rd9tMdVdXv3</subfield>
      <subfield code="4">https://id.oclc.org/worldcat/ontology/hasWork</subfield>
    </datafield>
    <datafield tag="856" ind1="4" ind2="2">
      <subfield code="u">http://objects.library.uu.nl/reader/index.php?obj=1874-9855&amp;lan=en#page//41/66/33/41663370275665643195396823799699457686.jpg/mode/1up</subfield>
      <subfield code="x">Online</subfield>
      <subfield code="z">Reference [=Transcriptie van P. J. Vermeulen]</subfield>
    </datafield>
    <datafield tag="856" ind1="4" ind2="1">
      <subfield code="u">http://objects.library.uu.nl/reader/resolver.php?obj=002493499&amp;type=2</subfield>
      <subfield code="x">Online</subfield>
      <subfield code="z">Full text</subfield>
    </datafield>
    <datafield tag="856" ind1="4" ind2="2">
      <subfield code="u">http://www.utrechtsekronieken.nl/kronieken/kronieken-nicolaasklooster/</subfield>
      <subfield code="x">Online</subfield>
      <subfield code="z">Website Utrechtse Kronieken</subfield>
    </datafield>
    <datafield tag="936" ind1=" " ind2=" ">
      <subfield code="a">BATCHLOAD</subfield>
    </datafield>
  </record>